| 000 | 00767nam a22002417a 4500 | ||
|---|---|---|---|
| 008 | 130901b xxu||||| |||| 00| 0 eng d | ||
| 020 | _a81-239-0644-7 | ||
| 024 | _cAvailable | ||
| 037 | _cAvailable | ||
| 040 |
_aMBSTU LIBRARY _dMBSTU LIBRARY |
||
| 082 |
_222 _a363.73 IKE |
||
| 100 | _aIqbal, Muhammad. [etal] | ||
| 245 | _aEnvironmental hazards plants & peoples. | ||
| 260 |
_aNew Delhi _bCBS Publishers & Distributors. _c2000 |
||
| 300 |
_a25 cm. _b404 page _f1 _g25 cm. |
||
| 600 | _2Environmental Pollution. | ||
| 650 | _2Environmental Pollution. | ||
| 700 | _aIqbal, Muhammad. [etal] | ||
| 270 |
_aNew Delhi _bNew Delhi _dIndia |
||
| 365 |
_b1522.00 _d1522.00 |
||
| 942 |
_2ddc _cBK |
||
| 999 |
_c642 _d642 |
||